NIIF para PYMES: teoría y práctica: manual para implementar las Normas Internacionales de Información Financiera para Pequeñas y Medianas Empresas
Збережено в:
| Автори: | , |
|---|---|
| Формат: | Книга |
| Мова: | Іспанська |
| Опубліковано: |
Quito
Hansen-Holm Co.
2012
|
| Редагування: | 1a. ed |
| Предмети: | |
| Теги: |
Додати тег
Немає тегів, Будьте першим, хто поставить тег для цього запису!
|
MARC
| LEADER | 00000cam a2200000 a 4500 | ||
|---|---|---|---|
| 001 | UCE9905 | ||
| 003 | CL-VaPUC | ||
| 008 | 151112e20120000ec |||||||||||||||||spa|d | ||
| 020 | |a 9789942986801 | ||
| 082 | 0 | 4 | |a 658.15 |b HAN |2 21 |
| 100 | 0 | |a Hansen-Holm, Mario A |e author |9 582882 | |
| 700 | 0 | |a Chávez, Luis A |e author |9 582883 | |
| 245 | 1 | 0 | |a NIIF para PYMES: teoría y práctica: manual para implementar las Normas Internacionales de Información Financiera para Pequeñas y Medianas Empresas |
| 250 | |a 1a. ed | ||
| 300 | |a 649 p | ||
| 942 | |c BK | ||
| 945 | |d 20151112 20:22:00 |a dcastane | ||
| 260 | |a Quito |b Hansen-Holm Co. |c 2012 | ||
| 500 | |a Incluye CD | ||
| 650 | 0 | |a Finanzas |9 260832 | |
| 650 | 0 | |a Normas Internacionales de información financiera (NIIF) |9 533965 | |
| 650 | 0 | |a Contabilidad financiera |9 307017 | |
| 650 | 0 | |a Administración financiera |9 261146 | |
| 650 | 0 | |a Sistemas financieros |9 378545 | |
| 583 | |a last modification |c 20151112 20:22:00 |k Rodrigo Vera | ||
| 999 | |c 361548 |d 361546 | ||
| 952 | |0 0 |1 0 |3 erb |4 0 |6 658_150000000000000_HAN_2012 |7 0 |8 R |9 472131 |a BIBGIM |b BIBGIM |i 5248833 |o 658.15 HAN 2012 |p 5248833 |r 2025-01-15 |w 2019-11-24 |y BK_R |z Catalogado en:20151112 |k COM | ||